00582nam a2200157Ia 4500008004100000100001900041245008400060245003900144260005300183260000900236300001100245650001500256856006100271999001900332952007300351170221s9999 xx 000 0 und d aAnna P. Rabets aDamage Done by Animals: Legal Qualification under Russian Law, Risk Management  cAnna P. Rabets, Tatiana Yu. Kareva bInternational Review of Management and Marketing c2016 a6 : 6S xMarketing. uhttp://www.econjournals.com/index.php/irmm/issue/view/86 c308172d308172 001040aCLbCLd2017-02-21l0r2017-02-21 00:00:00w2017-02-21yFOJ